| 000 | 00870cam a2200217 i 4500 | ||
|---|---|---|---|
| 005 | 20260119113848.0 | ||
| 008 | 250721s9999 ua gr 000 0 ara d | ||
| 020 | _a9772820684 | ||
| 041 | 1 |
_aara _heng |
|
| 082 | 1 | 4 |
_a327.11 _bف ر ي |
| 100 | 1 |
_aفريدمان، توماس _eمؤلف. |
|
| 245 | 1 | 2 |
_aالسيارة ليكساس وشجرة الزيتون : _cتوماس ل.فريدمان ؛ ترجمة ليلى زيدان ؛ مراجعة فايزة حكيم. _bمحاولة لفهم العولمة / |
| 250 | _aالطبعة الاولى. | ||
| 264 | 3 | 1 |
_aالقاهرة : _bالدار الدولية للنشر و التوزيع، _c2000. |
| 300 | _a589 صفحة. | ||
| 650 | 1 | 7 | _aالنظام العالمي الجديد. |
| 650 | 1 | 7 | _aالعولمة. |
| 700 | 1 |
_aزيدان، ليلى _eمترجم. |
|
| 942 |
_2ddc _cBK |
||
| 999 |
_c81307 _d81307 |
||